[Event "BL 1920 SV Lingen - SV Mülheim Nord"]
[Site "?"]
[Date "2019.11.23"]
[Round "1.6"]
[White "Epishin, Vladimir"]
[Black "Buckels, Valentin"]
[Result "1-0"]
[WhiteElo "2551"]
[BlackElo "2469"]
[PlyCount "169"]
[EventDate "2019.??.??"]

1. c4 e6 2. Nc3 d5 3. d4 Nf6 4. cxd5 exd5 5. Bg5 c6 6. e3 h6 7. Bh4 Be7 8. Bd3
O-O 9. Nge2 Re8 10. O-O Nbd7 11. f3 b5 12. Bf2 a6 13. Rc1 Bb7 14. Kh1 c5 15.
dxc5 Bxc5 16. Nd4 Bxd4 17. exd4 Nh5 18. Qd2 Qg5 19. Qxg5 hxg5 20. g3 Nhf6 21.
Kg1 Nb6 22. b3 g4 23. fxg4 Nxg4 24. Be1 Nf6 25. Nd1 Rac8 26. Rxc8 Nxc8 27. Bb4
Ne7 28. Re1 Nc6 29. Rxe8+ Nxe8 30. Bc5 Nc7 31. Bf5 Ne6 32. Bxe6 fxe6 33. Kf2 e5
34. dxe5 Kf7 35. Nc3 d4 36. Ne4 Ke6 37. Bf8 Kxe5 38. Nc5 Bc8 39. Bxg7+ Kd5 40.
Nd3 Ke4 41. Ke2 Bg4+ 42. Kd2 Kf3 43. Bxd4 Kg2 44. Be5 Kxh2 45. Bc7 Kg2 46. Ke3
a5 47. Nc5 Kh3 48. Ne4 Bd7 49. Nc3 Ne7 50. Kd4 b4 51. Nd5 Nf5+ 52. Ke5 a4 53.
Nb6 axb3 54. axb3 Be6 55. Kxe6 Nd4+ 56. Kd5 Nxb3 57. Nc4 Nc1 58. Ke4 Ne2 59.
Kf3 Nd4+ 60. Kf2 b3 61. Nb2 Ne6 62. Bf4 Kg4 63. Be5 Kf5 64. Bc3 Ke4 65. Bd2 Nd4
66. g4 Nf3 67. Bc1 Nd4 68. Na4 Nc6 69. Nc5+ Ke5 70. Nxb3 Nb4 71. Kf3 Nd3 72.
Bd2 Kf6 73. Nd4 Ne5+ 74. Kg3 Kg6 75. Nf3 Nd3 76. Bc3 Nc5 77. Be5 Ne6 78. Bf4
Nc5 79. Nh4+ Kf6 80. g5+ Ke6 81. Kg4 Nd3 82. Be3 Ne5+ 83. Kh5 Kf7 84. Bd4 Nc6
85. Nf5 1-0

[Event "BL 1920 SV Lingen - SV Mülheim Nord"]
[Site "?"]
[Date "2019.11.23"]
[Round "1.7"]
[White "Hausrath, Daniel"]
[Black "Levin, Felix"]
[Result "1/2-1/2"]
[WhiteElo "2480"]
[BlackElo "2467"]
[PlyCount "40"]
[EventDate "2019.??.??"]

1. Nf3 d5 2. g3 Nf6 3. Bg2 e6 4. O-O Be7 5. d3 c5 6. c3 O-O 7. a3 b6 8. b4 Bb7
9. Nbd2 Nc6 10. Rb1 Qc7 11. Qc2 Rfd8 12. bxc5 Bxc5 13. Nb3 Bd6 14. a4 h6 15.
Nfd4 Nxd4 16. Nxd4 Qd7 17. Qb3 e5 18. Nc2 Rab8 19. Ba3 Bc7 20. Ra1 Bc6 1/2-1/2

[Event "BL 1920 SV Lingen - SV Mülheim Nord"]
[Site "?"]
[Date "2019.11.23"]
[Round "1.8"]
[White "Milanovic, Danilo"]
[Black "Zelbel, Patrick"]
[Result "0-1"]
[WhiteElo "2455"]
[BlackElo "2445"]
[PlyCount "44"]
[EventDate "2019.??.??"]

1. d4 Nf6 2. Bg5 Ne4 3. Bf4 Nc6 4. Nf3 d5 5. e3 Bg4 6. h3 Bxf3 7. gxf3 Nd6 8.
Nc3 e6 9. e4 Qh4 10. Bg3 Qh5 11. Be2 O-O-O 12. Bxd6 Bxd6 13. Qd2 dxe4 14. Nxe4
Bb4 15. c3 Nxd4 16. Qd3 Nxe2 17. Qxe2 Be7 18. Ng3 Qh6 19. Rd1 Qf4 20. Qe4 Rxd1+
21. Kxd1 Rd8+ 22. Kc2 Qd2+ 0-1

[Event "BL 1920 Schachfreunde Deizisau - USV TU"]
[Site "?"]
[Date "2019.11.23"]
[Round "1.1"]
[White "Gajewski, Grzegorz"]
[Black "Leko, Peter"]
[Result "1/2-1/2"]
[WhiteElo "2623"]
[BlackElo "2666"]
[PlyCount "83"]
[EventDate "2019.??.??"]

1. d4 Nf6 2. c4 e6 3. Nf3 d5 4. g3 Be7 5. Bg2 O-O 6. O-O dxc4 7. Qc2 a6 8. a4
Bd7 9. Qxc4 Bc6 10. Bf4 Bd6 11. Qc1 Nbd7 12. Nc3 Qe7 13. Re1 Bxf3 14. Bxf3 Bxf4
15. Qxf4 c6 16. a5 e5 17. dxe5 Nxe5 18. Bg2 Rfd8 19. Red1 Ng6 20. Qa4 Nf8 21.
Rxd8 Rxd8 22. Qa3 Rd6 23. Bh3 Ne6 24. Kg2 Kf8 25. Bf5 g6 26. Bxe6 Rxe6 27.
Qxe7+ Rxe7 28. Ra4 Nd5 29. Nxd5 cxd5 30. Kf3 Rc7 31. Rb4 Rc5 32. Rxb7 Rxa5 33.
Ke3 Rc5 34. Kd4 Rc2 35. Kd3 Rc5 36. g4 a5 37. b3 Kg7 38. g5 Rc1 39. Rb5 Ra1 40.
Rxd5 a4 41. bxa4 Rxa4 42. e3 1/2-1/2

[Event "BL 1920 Schachfreunde Deizisau - USV TU"]
[Site "?"]
[Date "2019.11.23"]
[Round "1.3"]
[White "Vogel, Roven"]
[Black "Heimann, Andreas"]
[Result "1/2-1/2"]
[WhiteElo "2459"]
[BlackElo "2617"]
[PlyCount "45"]
[EventDate "2019.??.??"]

1. c4 e6 2. Nc3 d5 3. d4 Nf6 4. cxd5 exd5 5. Bg5 c6 6. Qc2 h6 7. Bh4 g6 8. e3
Bf5 9. Bd3 Bxd3 10. Qxd3 Nbd7 11. Nge2 Bg7 12. O-O O-O 13. f3 Re8 14. Kh1 Qe7
15. Bf2 Nb6 16. Rae1 Rad8 17. Qc2 Nc4 18. Nf4 Nd6 19. Nd3 h5 20. Ne5 Nh7 21.
Nd3 Nf6 22. Ne5 Nh7 23. Nd3 1/2-1/2

[Event "BL 1920 Schachfreunde Deizisau - USV TU"]
[Site "?"]
[Date "2019.11.23"]
[Round "1.4"]
[White "Meier, Georg"]
[Black "Boensch, Uwe"]
[Result "1-0"]
[WhiteElo "2628"]
[BlackElo "2516"]
[PlyCount "63"]
[EventDate "2019.??.??"]

1. Nf3 d5 2. d4 Nf6 3. c4 e6 4. g3 Be7 5. Bg2 O-O 6. Nc3 dxc4 7. Ne5 c5 8. dxc5
Qc7 9. Nxc4 Qxc5 10. b3 Rd8 11. Ba3 Rxd1+ 12. Rxd1 Qh5 13. Bxe7 Nbd7 14. O-O
Ne8 15. Rd4 f6 16. Bb4 Ne5 17. Rh4 Qf7 18. Nxe5 fxe5 19. Ne4 a5 20. Ba3 a4 21.
bxa4 h6 22. Rc1 Bd7 23. Nc5 Bc6 24. Bxc6 bxc6 25. Nd3 Qd7 26. Rhc4 Qd5 27. Bb2
e4 28. Nf4 Qd2 29. R4c2 Qb4 30. Nxe6 e3 31. f3 Rxa4 32. a3 1-0

[Event "BL 1920 Schachfreunde Deizisau - USV TU"]
[Site "?"]
[Date "2019.11.23"]
[Round "1.5"]
[White "Maiwald, Jens-Uwe"]
[Black "Bluebaum, Matthias"]
[Result "1/2-1/2"]
[WhiteElo "2443"]
[BlackElo "2641"]
[PlyCount "40"]
[EventDate "2019.??.??"]

1. e4 c6 2. d4 d5 3. e5 Bf5 4. h4 h5 5. Bd3 Bxd3 6. Qxd3 Qa5+ 7. Nd2 e6 8. Ne2
Qa6 9. c4 Ne7 10. b3 Nf5 11. Ng3 Nxg3 12. fxg3 c5 13. O-O Nc6 14. Qf3 O-O-O 15.
Qxf7 Nxd4 16. Nf3 Rd7 17. Qe8+ Rd8 18. Qf7 Rd7 19. Qe8+ Rd8 20. Qf7 Rd7 1/2-1/2

[Event "BL 1920 Schachfreunde Deizisau - USV TU"]
[Site "?"]
[Date "2019.11.23"]
[Round "1.6"]
[White "Donchenko, Alexander"]
[Black "Hoffmann, Paul"]
[Result "1-0"]
[WhiteElo "2650"]
[BlackElo "2392"]
[PlyCount "81"]
[EventDate "2019.??.??"]

1. d4 Nf6 2. c4 e6 3. g3 Bb4+ 4. Bd2 a5 5. Bg2 O-O 6. Nf3 d5 7. Qc2 Nc6 8. O-O
Ne4 9. Be3 Be7 10. Nc3 Nb4 11. Qb1 Nxc3 12. bxc3 Nc6 13. a4 Bf6 14. Bf4 Re8 15.
e4 dxe4 16. Qxe4 Bd7 17. h4 h6 18. Rfe1 Qc8 19. h5 Ra6 20. Bf1 Ne7 21. Bd3 Kf8
22. Qh7 Ng8 23. c5 Bc6 24. Ne5 Bxe5 25. Bxe5 f6 26. Bf4 Qd7 27. Bc4 Bf3 28. Qd3
Bxh5 29. Bxa6 bxa6 30. Qe4 g5 31. c6 Qf7 32. Bc1 Bg6 33. Qe2 Kg7 34. Qxa6 Ne7
35. Qxa5 Nxc6 36. Qb5 Qd7 37. a5 Rb8 38. Qe2 e5 39. a6 exd4 40. Qe6 Bf5 41.
Qxd7+ 1-0

[Event "BL 1920 Schachfreunde Deizisau - USV TU"]
[Site "?"]
[Date "2019.11.23"]
[Round "1.8"]
[White "Kollars, Dmitrij"]
[Black "Osmanodja, Filiz"]
[Result "1-0"]
[WhiteElo "2580"]
[BlackElo "2225"]
[PlyCount "77"]
[EventDate "2019.??.??"]

1. e4 c5 2. Nf3 d6 3. d4 cxd4 4. Nxd4 Nf6 5. Nc3 Nc6 6. Bg5 e6 7. Qd2 a6 8.
O-O-O Bd7 9. f4 h6 10. Bh4 Nxe4 11. Qe1 Nf6 12. Nf5 Qa5 13. Nxd6+ Bxd6 14. Rxd6
Qc7 15. Qd2 O-O-O 16. Be2 Ne7 17. Rd3 Bc6 18. Bxf6 gxf6 19. Rg1 f5 20. Qe3 Rxd3
21. Bxd3 h5 22. g3 h4 23. b3 hxg3 24. hxg3 Rh2 25. Kb2 b5 26. g4 b4 27. Ne2 Bb5
28. Bxb5 axb5 29. gxf5 Nd5 30. Qd3 Qa5 31. fxe6 fxe6 32. Qe4 Qa3+ 33. Ka1 Kd7
34. f5 Rxe2 35. Qxe2 Qxa2+ 36. Kxa2 Nc3+ 37. Kb2 Nxe2 38. fxe6+ Ke7 39. Rg4 1-0

[Event "BL 1920 OSG Baden-Baden - SF Berlin"]
[Site "?"]
[Date "2019.11.23"]
[Round "1.1"]
[White "Sarana, Alexey"]
[Black "Vachier-Lagrave, Maxime"]
[Result "0-1"]
[WhiteElo "2664"]
[BlackElo "2777"]
[PlyCount "66"]
[EventDate "2019.??.??"]

1. e4 c5 2. Nf3 d6 3. d4 cxd4 4. Nxd4 Nf6 5. Nc3 a6 6. Be3 Ng4 7. Bc1 Nf6 8. f3
e6 9. Be3 b5 10. a4 b4 11. Na2 e5 12. Nb3 Nc6 13. Bc4 Qc7 14. O-O Be7 15. c3
bxc3 16. Nxc3 Nb4 17. Qe2 O-O 18. Rac1 Qb8 19. a5 Bd7 20. Ra1 Rc8 21. Na4 d5
22. exd5 Rxc4 23. Qxc4 Bb5 24. Qh4 Bxa4 25. d6 Bxb3 26. dxe7 Nbd5 27. Bc5 Nxe7
28. Bxe7 Qa7+ 29. Qf2 Qxe7 30. Rfc1 Bd5 31. Qc5 Qe6 32. Qb6 Qf5 33. Ra4 h6 0-1

[Event "BL 1920 OSG Baden-Baden - SF Berlin"]
[Site "?"]
[Date "2019.11.23"]
[Round "1.2"]
[White "Rapport, Richard"]
[Black "Kraemer, Martin"]
[Result "1-0"]
[WhiteElo "2752"]
[BlackElo "2581"]
[PlyCount "81"]
[EventDate "2019.??.??"]

1. Nf3 d5 2. g3 Bg4 3. Bg2 e6 4. O-O Nf6 5. d3 Be7 6. c4 c6 7. h3 Bh5 8. Be3
Bxf3 9. Bxf3 d4 10. Bd2 a5 11. Na3 Na6 12. Nc2 O-O 13. b3 e5 14. Bg2 Nc5 15.
Rb1 Qd7 16. a3 a4 17. b4 Nb3 18. Be1 Ra7 19. Na1 Nxa1 20. Rxa1 b5 21. Qc2 Rc8
22. c5 Qe6 23. Bd2 Nd5 24. e3 Bf6 25. exd4 exd4 26. Rae1 Qd7 27. Qd1 Raa8 28.
h4 Re8 29. Kh2 g6 30. h5 Bh8 31. Bc1 Kf8 32. Bh3 Qc7 33. hxg6 hxg6 34. Qg4 Re5
35. Rxe5 Bxe5 36. Bh6+ Kg8 37. Re1 Rd8 38. Bg2 Bf6 39. Bxd5 Rxd5 40. Re8+ Kh7
41. Bf4 1-0

[Event "BL 1920 OSG Baden-Baden - SF Berlin"]
[Site "?"]
[Date "2019.11.23"]
[Round "1.3"]
[White "Gumularz, Szymon"]
[Black "Adams, Michael"]
[Result "1/2-1/2"]
[WhiteElo "2489"]
[BlackElo "2692"]
[PlyCount "55"]
[EventDate "2019.??.??"]

1. d4 Nf6 2. c4 e6 3. Nc3 Bb4 4. e3 O-O 5. Bd3 d5 6. Nf3 c5 7. O-O dxc4 8. Bxc4
Nc6 9. a3 Ba5 10. Qd3 h6 11. Ne4 cxd4 12. exd4 Bb6 13. Be3 Nd5 14. Rad1 Qe7 15.
Ba2 Rd8 16. Nc3 Nc7 17. Qc2 Bd7 18. d5 exd5 19. Bxb6 axb6 20. Nxd5 Qc5 21. Qb3
Be6 22. Rfe1 Rd7 23. Ne5 Re7 24. Nd3 Qa5 25. N3b4 Qc5 26. Nd3 Qa5 27. N3b4 Qc5
28. Nd3 1/2-1/2

[Event "BL 1920 OSG Baden-Baden - SF Berlin"]
[Site "?"]
[Date "2019.11.23"]
[Round "1.4"]
[White "Naiditsch, Arkadij"]
[Black "Baldauf, Marco"]
[Result "0-1"]
[WhiteElo "2630"]
[BlackElo "2495"]
[PlyCount "80"]
[EventDate "2019.??.??"]

1. d4 Nf6 2. Nf3 g6 3. Nc3 d5 4. Bf4 Bg7 5. h4 c5 6. e3 Bg4 7. Nb5 Na6 8. c3
O-O 9. Be2 Ne4 10. Ng5 Bxe2 11. Qxe2 h6 12. Nxe4 dxe4 13. O-O-O Qa5 14. Kb1
Rfc8 15. Na3 cxd4 16. exd4 Qf5 17. Be3 Nc7 18. g4 Qd7 19. Bd2 Nd5 20. c4 Nf6
21. g5 hxg5 22. hxg5 Ne8 23. Nc2 Qe6 24. c5 b6 25. Bc3 bxc5 26. d5 Qf5 27. Ne3
Qxg5 28. d6 Bxc3 29. Rdg1 Qe5 30. d7 Bd4 31. Ng4 Qe6 32. dxc8=Q Rxc8 33. Rg3
Rb8 34. b3 e3 35. Kc1 c4 36. Nh6+ Kf8 37. Rf3 Nd6 38. Rh4 Bf6 39. Rxe3 Qd5 40.
bxc4 Rc8 0-1

[Event "BL 1920 OSG Baden-Baden - SF Berlin"]
[Site "?"]
[Date "2019.11.23"]
[Round "1.5"]
[White "Sprenger, Jan Michael"]
[Black "Hou, Yifan"]
[Result "0-1"]
[WhiteElo "2492"]
[BlackElo "2659"]
[PlyCount "64"]
[EventDate "2019.??.??"]

1. e4 c5 2. Nf3 d6 3. d4 cxd4 4. Nxd4 Nf6 5. Nc3 a6 6. h3 e6 7. g4 Nfd7 8. Bg2
Nc6 9. Be3 Qc7 10. Qe2 b5 11. O-O-O Bb7 12. Rhe1 Be7 13. Nd5 exd5 14. exd5 Nxd4
15. Bxd4 Qd8 16. Bxg7 Rg8 17. Bh6 Rg6 18. g5 Rxh6 19. gxh6 Kf8 20. f4 Bf6 21.
Qg4 Nc5 22. Be4 Bc8 23. Bf5 Bxb2+ 24. Kb1 Bxf5 25. Qxf5 Bc3 26. Re3 Qa5 27.
Rxc3 Qxc3 28. Qxh7 Re8 29. Rg1 Re1+ 30. Rxe1 Qxe1+ 31. Kb2 Na4+ 32. Kb3 Qc3#
0-1

[Event "BL 1920 OSG Baden-Baden - SF Berlin"]
[Site "?"]
[Date "2019.11.23"]
[Round "1.6"]
[White "Kasimdzhanov, Rustam"]
[Black "Schreiner, Peter"]
[Result "1-0"]
[WhiteElo "2660"]
[BlackElo "2453"]
[PlyCount "51"]
[EventDate "2019.??.??"]

1. e4 c5 2. Nf3 Nc6 3. d4 cxd4 4. Nxd4 Qb6 5. Nb3 Nf6 6. Nc3 e6 7. Bd3 Be7 8.
O-O O-O 9. Be3 Qc7 10. f4 d6 11. Qf3 a6 12. Rae1 b5 13. e5 Nd7 14. Qh3 f5 15.
exf6 Nxf6 16. Nd4 Nxd4 17. Bxd4 g6 18. Rxe6 d5 19. Kh1 b4 20. Qe3 Bxe6 21.
Qxe6+ Rf7 22. Bxf6 bxc3 23. Be5 Qc5 24. f5 gxf5 25. Rxf5 Raf8 26. Rf3 1-0

[Event "BL 1920 OSG Baden-Baden - SF Berlin"]
[Site "?"]
[Date "2019.11.23"]
[Round "1.7"]
[White "Blohberger, Felix"]
[Black "Movsesian, Sergei"]
[Result "1/2-1/2"]
[WhiteElo "2434"]
[BlackElo "2640"]
[PlyCount "60"]
[EventDate "2019.??.??"]

1. d4 Nf6 2. c4 d6 3. Nc3 Nbd7 4. e4 e5 5. d5 Nc5 6. f3 a5 7. Be3 Be7 8. Qd2 h6
9. Nge2 Nh7 10. Nc1 Bg5 11. Nd3 b6 12. Nxc5 bxc5 13. Bd3 O-O 14. O-O Bd7 15.
Rab1 Qe7 16. Bc2 Kh8 17. Rbe1 Bxe3+ 18. Rxe3 Qg5 19. Ba4 Bxa4 20. Nxa4 f5 21.
exf5 Rxf5 22. Nc3 Nf6 23. Nb5 Rb8 24. Re2 Qh4 25. b3 a4 26. Nxc7 axb3 27. axb3
e4 28. Qe1 Qh5 29. fxe4 Rxf1+ 30. Qxf1 Rxb3 1/2-1/2

[Event "BL 1920 OSG Baden-Baden - SF Berlin"]
[Site "?"]
[Date "2019.11.23"]
[Round "1.8"]
[White "Gustafsson, Jan"]
[Black "Perske, Thore"]
[Result "1/2-1/2"]
[WhiteElo "2645"]
[BlackElo "2449"]
[PlyCount "55"]
[EventDate "2019.??.??"]

1. d4 Nf6 2. Nf3 g6 3. Nbd2 d5 4. b3 Bg7 5. Bb2 O-O 6. e3 Nbd7 7. c4 c5 8. Rc1
b6 9. dxc5 Nxc5 10. b4 Ne6 11. Qb3 Bb7 12. Be2 a5 13. a3 axb4 14. axb4 dxc4 15.
Bxc4 Bd5 16. Bxf6 Bxc4 17. Qxc4 Bxf6 18. O-O Qd7 19. Ne4 Rfc8 20. Nxf6+ exf6
21. Qb3 Rxc1 22. Rxc1 Qa4 23. Qc3 Qa3 24. Qe1 Qb2 25. Rb1 Qc2 26. Rc1 Qb2 27.
Rb1 Qc2 28. Rc1 1/2-1/2

[Event "BL 1920 BCA Augsburg - Hamburger SK"]
[Site "?"]
[Date "2019.11.23"]
[Round "1.1"]
[White "Grandelius, Nils"]
[Black "Postny, Evgeny"]
[Result "1/2-1/2"]
[WhiteElo "2681"]
[BlackElo "2615"]
[PlyCount "163"]
[EventDate "2019.??.??"]

1. Nf3 d5 2. g3 c6 3. Bg2 Bg4 4. O-O Nf6 5. h3 Bxf3 6. Bxf3 e5 7. d3 Bc5 8. e4
dxe4 9. dxe4 Qxd1 10. Rxd1 Nbd7 11. Nd2 O-O-O 12. Nc4 Rhe8 13. a4 Nb6 14. Rxd8+
Kxd8 15. Nd2 Kc7 16. a5 Nc8 17. Nb3 Be7 18. Be3 Kb8 19. Kf1 Rd8 20. Nc1 Nd6 21.
Ra4 Nd7 22. Nd3 Ne8 23. Ke2 Bd6 24. Ra1 a6 25. c3 Bc7 26. Ra4 Nd6 27. Bg4 Nf6
28. Bf3 Nd7 29. h4 Re8 30. Bg2 g6 31. Nc5 Nxc5 32. Bxc5 Nb5 33. Ra1 h5 34. Kd3
Bd6 35. Be3 Nc7 36. Kc4 Ne6 37. Bh3 Bc7 38. b4 Nf8 39. Rd1 Rd8 40. Rxd8+ Bxd8
41. Bc5 Ne6 42. Bxe6 fxe6 43. Bd6+ Kc8 44. Bxe5 Be7 45. Bf4 Kd7 46. f3 Bf6 47.
Kd3 Be7 48. Bd2 e5 49. Be1 Ke6 50. Bf2 Bd6 51. Kc4 Kd7 52. Bc5 Bb8 53. Bf8 Ba7
54. Bc5 Bb8 55. Be3 Bd6 56. f4 exf4 57. Bxf4 Bf8 58. Kd4 Ke6 59. Be5 Be7 60.
Bc7 Bf8 61. Kc4 Be7 62. Bf4 Bf8 63. Kd4 Be7 64. Kd3 Bf8 65. Ke2 Bg7 66. Bd2 Be5
67. Kf3 Bg7 68. Be1 Be5 69. g4 Bg7 70. g5 Be5 71. Ke3 Kd7 72. Kd3 Ke6 73. Kc4
Bb8 74. Bf2 Kd7 75. Kd3 Ke6 76. Be1 Be5 77. Ke3 Kd7 78. Kf3 Ke6 79. c4 Bd6 80.
Bc3 Bc7 81. Bd4 Bd6 82. Bc3 1/2-1/2

[Event "BL 1920 BCA Augsburg - Hamburger SK"]
[Site "?"]
[Date "2019.11.23"]
[Round "1.2"]
[White "Papp, Gabor"]
[Black "Svane, Rasmus"]
[Result "0-1"]
[WhiteElo "2589"]
[BlackElo "2594"]
[PlyCount "96"]
[EventDate "2019.??.??"]

1. e4 e5 2. Nf3 Nc6 3. Bb5 Nf6 4. d3 Bc5 5. Bxc6 dxc6 6. Nbd2 Be6 7. O-O Nd7 8.
Nb3 Bb6 9. Ng5 Bxb3 10. axb3 f6 11. Nf3 Nc5 12. Nd2 Qd7 13. Nc4 O-O 14. Kh1
Rad8 15. Qe2 Ne6 16. f4 Nd4 17. Qd1 exf4 18. Bxf4 f5 19. exf5 Rxf5 20. Ne3 Rf7
21. Nc4 Qd5 22. Nd2 Rdf8 23. c4 Qe6 24. g3 h6 25. b4 g5 26. c5 gxf4 27. cxb6
axb6 28. gxf4 Rxf4 29. Rxf4 Rxf4 30. Ne4 Qh3 31. Ng3 Nf5 32. Qb3+ Kf8 33. Ra8+
Ke7 34. Re8+ Kxe8 35. Qe6+ Kd8 36. Qf6+ Ke8 37. Qe6+ Kd8 38. Qf6+ Kd7 39. Qf7+
Kd6 40. Qf6+ Kd5 41. Qf7+ Ke5 42. Qe8+ Kf6 43. Qd8+ Kg6 44. Qe8+ Kg5 45. Qg8+
Kh4 46. Qd8+ Kg4 47. Qg8+ Kf3 48. Qe6 Qg2# 0-1

[Event "BL 1920 BCA Augsburg - Hamburger SK"]
[Site "?"]
[Date "2019.11.23"]
[Round "1.3"]
[White "Kempinski, Robert"]
[Black "Nestorovic, Nikola"]
[Result "1-0"]
[WhiteElo "2576"]
[BlackElo "2458"]
[PlyCount "103"]
[EventDate "2019.??.??"]

1. d4 Nf6 2. c4 e6 3. Nf3 a6 4. e3 d5 5. Nbd2 c5 6. dxc5 Bxc5 7. a3 Nc6 8. b4
Ba7 9. Bb2 O-O 10. Be2 d4 11. exd4 Nxd4 12. O-O e5 13. Nxe5 Bf5 14. Bd3 Bxd3
15. Nxd3 Qd7 16. Nb3 Rad8 17. Ndc5 Bxc5 18. Nxc5 Qg4 19. Qxg4 Nxg4 20. Rae1 Ne6
21. Nxe6 fxe6 22. h3 Nf6 23. Rxe6 Rd2 24. Ba1 Ra2 25. Re7 Rf7 26. Bxf6 gxf6 27.
Re3 Rd7 28. Rfe1 Kf7 29. Rf3 Rd4 30. c5 h5 31. Rc1 h4 32. c6 bxc6 33. Rxc6 Ra1+
34. Kh2 Rdd1 35. Rfxf6+ Ke7 36. g4 hxg3+ 37. Kxg3 Rxa3+ 38. f3 Rg1+ 39. Kf2 Rh1
40. Rxa6 Rxa6 41. Rxa6 Rxh3 42. Ke3 Rh4 43. f4 Rh5 44. Rc6 Rb5 45. Rc4 Rh5 46.
Rd4 Rh1 47. Kd3 Rc1 48. b5 Ke6 49. Rb4 Rd1+ 50. Ke4 Re1+ 51. Kf3 Rf1+ 52. Kg2
1-0

[Event "BL 1920 BCA Augsburg - Hamburger SK"]
[Site "?"]
[Date "2019.11.23"]
[Round "1.4"]
[White "Prusikin, Michael"]
[Black "Engel, Luis"]
[Result "1/2-1/2"]
[WhiteElo "2522"]
[BlackElo "2519"]
[PlyCount "96"]
[EventDate "2019.??.??"]

1. e4 c5 2. Nf3 d6 3. Bb5+ Nd7 4. c3 Ngf6 5. Bd3 a6 6. Bc2 b5 7. d4 e6 8. O-O
Bb7 9. Re1 Be7 10. Nbd2 Qc7 11. Nf1 O-O 12. Ng3 Rfe8 13. Bd3 Bf8 14. Bd2 g6 15.
a4 c4 16. Bc2 e5 17. b4 cxb3 18. Bxb3 Nb6 19. axb5 axb5 20. Rxa8 Bxa8 21. Qb1
Nc4 22. Bg5 Nd7 23. h4 d5 24. dxe5 Ndxe5 25. exd5 Nxf3+ 26. gxf3 Rxe1+ 27. Qxe1
Bxd5 28. Ne4 Bxe4 29. Qxe4 h6 30. Bf4 Qe7 31. Qxe7 Bxe7 32. Bxc4 bxc4 33. Bxh6
Bxh4 34. Bd2 Kf8 35. f4 Ke7 36. Kg2 Ke6 37. Kf3 Kf5 38. Be1 Be7 39. Bd2 Ba3 40.
Be3 Bd6 41. Bd2 Ke6 42. Be3 Kd5 43. f5 gxf5 44. Ke2 Kc6 45. f3 Kb5 46. Kd1 Ka4
47. Kc2 Be5 48. Bd2 f4 1/2-1/2

[Event "BL 1920 BCA Augsburg - Hamburger SK"]
[Site "?"]
[Date "2019.11.23"]
[Round "1.5"]
[White "Lampert, Jonas"]
[Black "Rozentalis, Eduardas"]
[Result "1/2-1/2"]
[WhiteElo "2532"]
[BlackElo "2547"]
[PlyCount "48"]
[EventDate "2019.??.??"]

1. e4 e6 2. d4 d5 3. Nd2 Be7 4. c3 c5 5. dxc5 Nf6 6. exd5 Nxd5 7. Ne4 O-O 8.
Nf3 Nd7 9. Bd3 f5 10. Nd6 Nxc5 11. Nxc8 Nxd3+ 12. Qxd3 Rxc8 13. Qe2 Qb6 14. O-O
Rfe8 15. Re1 Bf6 16. Bg5 Bxg5 17. Nxg5 Nf4 18. Qf3 e5 19. g3 Ne6 20. Nxe6 Qxe6
21. Qxb7 Rb8 22. Qxa7 f4 23. Rad1 Rxb2 24. Qd7 fxg3 1/2-1/2

[Event "BL 1920 BCA Augsburg - Hamburger SK"]
[Site "?"]
[Date "2019.11.23"]
[Round "1.6"]
[White "Stankovic, Milos"]
[Black "Heinemann, Thies"]
[Result "1/2-1/2"]
[WhiteElo "2468"]
[BlackElo "2501"]
[PlyCount "124"]
[EventDate "2019.??.??"]

1. e4 c5 2. Nf3 d6 3. d4 cxd4 4. Nxd4 Nf6 5. Nc3 a6 6. Be2 e5 7. Nf3 Be7 8. Bg5
Be6 9. Bxf6 Bxf6 10. Nd5 Nd7 11. Bc4 Rc8 12. Qe2 Nb6 13. Nxb6 Qxb6 14. Bxe6
Qxb2 15. Bxf7+ Kxf7 16. O-O Qxc2 17. Qe3 Rc3 18. Qa7 Qxe4 19. Rfe1 Qc6 20. Rab1
Kg6 21. Rxb7 Rc1 22. Rb1 Rxe1+ 23. Rxe1 Rc8 24. h4 h5 25. Qe3 Qc2 26. Qb6 e4
27. Ng5 Bxg5 28. hxg5 Qd3 29. Re3 Rc1+ 30. Kh2 Qd5 31. Qxa6 h4 32. Qa4 Qe5+ 33.
g3 hxg3+ 34. Rxg3 Rc3 35. Kg2 Rxg3+ 36. fxg3 d5 37. Qb5 Qd4 38. a4 Qd2+ 39. Kh3
e3 40. Kg4 Qd1+ 41. Kf4 Qd4+ 42. Kf3 Kxg5 43. a5 Qe5 44. Qd3 d4 45. a6 Qd5+ 46.
Ke2 g6 47. Ke1 Qa2 48. Kd1 Qb2 49. Ke1 Kh6 50. Kd1 Qa1+ 51. Ke2 Qa2+ 52. Kd1
Qa4+ 53. Ke2 Qa1 54. Kf3 Qb2 55. Qe2 Qb1 56. Qh2+ Kg7 57. Qh3 Qb5 58. Qe6 Qf1+
59. Kg4 Kh6 60. Qe5 Qe2+ 61. Kh4 Qh2+ 62. Kg4 Qe2+ 1/2-1/2

[Event "BL 1920 BCA Augsburg - Hamburger SK"]
[Site "?"]
[Date "2019.11.23"]
[Round "1.7"]
[White "Sebastian, Dirk"]
[Black "Pitl, Gregory"]
[Result "1/2-1/2"]
[WhiteElo "2452"]
[BlackElo "2375"]
[PlyCount "44"]
[EventDate "2019.??.??"]

1. e4 c6 2. Nc3 d5 3. Nf3 Bg4 4. Be2 e6 5. d4 Nf6 6. h3 Bh5 7. e5 Nfd7 8. g4
Bg6 9. h4 h6 10. h5 Bh7 11. g5 hxg5 12. Bxg5 Qb6 13. Qd2 c5 14. dxc5 Nxc5 15.
O-O-O Nc6 16. Rh4 Qc7 17. Nd4 Qxe5 18. Nxc6 bxc6 19. Bf4 Qf6 20. Bg5 Qe5 21.
Bf4 Qf6 22. Bg5 Qe5 1/2-1/2

[Event "BL 1920 BCA Augsburg - Hamburger SK"]
[Site "?"]
[Date "2019.11.23"]
[Round "1.8"]
[White "Rupprecht, Andreas"]
[Black "Meissner, Felix"]
[Result "1/2-1/2"]
[WhiteElo "2390"]
[BlackElo "2377"]
[PlyCount "74"]
[EventDate "2019.??.??"]

1. e4 c5 2. Nf3 d6 3. Bb5+ Nd7 4. Ba4 a6 5. c4 Ngf6 6. Nc3 g6 7. d4 cxd4 8.
Nxd4 Bg7 9. O-O O-O 10. h3 Nb6 11. Bb3 Nfd7 12. Be3 Nc5 13. Qe2 Nxb3 14. axb3
Nd7 15. Rfd1 Rb8 16. b4 e6 17. c5 dxc5 18. bxc5 Qc7 19. Na4 Nf6 20. Qf3 Nd7 21.
Rac1 e5 22. Ne2 f5 23. exf5 gxf5 24. Qd5+ Kh8 25. f4 Qc6 26. Qxc6 bxc6 27. Nb6
Nxb6 28. cxb6 exf4 29. Nxf4 Bxb2 30. Rxc6 Kg8 31. Nd5 Bb7 32. Rc7 Be5 33. Re7
Rfe8 34. Rxe5 Rxe5 35. Bf4 Rxd5 36. Rxd5 Bxd5 37. Bxb8 Kf7 1/2-1/2

[Event "BL 1920 FC Bayern München - SG Turm Ki"]
[Site "?"]
[Date "2019.11.23"]
[Round "1.1"]
[White "Demchenko, Anton"]
[Black "Huschenbeth, Niclas"]
[Result "1-0"]
[WhiteElo "2654"]
[BlackElo "2628"]
[PlyCount "91"]
[EventDate "2019.??.??"]

1. e4 e5 2. Nf3 Nf6 3. Nxe5 d6 4. Nf3 Nxe4 5. Bd3 Nf6 6. O-O Be7 7. Re1 O-O 8.
Bf1 Bf5 9. d4 c6 10. c4 Nbd7 11. Nc3 Nb6 12. Bf4 Re8 13. Qb3 Nh5 14. Be3 h6 15.
a4 Rb8 16. h3 Nf6 17. Bf4 Na8 18. d5 Nc7 19. Nd4 Bg6 20. Rad1 Bf8 21. Be3 c5
22. Nde2 a6 23. Nf4 Bh7 24. Qa3 g5 25. Nfe2 b5 26. axb5 axb5 27. Nxb5 Nxb5 28.
cxb5 Rxb5 29. Ng3 Rb4 30. Bd2 Rd4 31. Bc3 Rxd1 32. Rxd1 Ne4 33. Nxe4 Rxe4 34.
Bd3 Re8 35. Bb5 Re4 36. Bd3 Rf4 37. g3 Bxd3 38. gxf4 Be4 39. Qa4 f5 40. Re1
gxf4 41. Kh2 Qh4 42. Rg1+ Kf7 43. f3 Bd3 44. Rg2 h5 45. Bg7 Be7 46. Qd7 1-0

[Event "BL 1920 FC Bayern München - SG Turm Ki"]
[Site "?"]
[Date "2019.11.23"]
[Round "1.2"]
[White "Bogner, Sebastian"]
[Black "Khenkin, Igor"]
[Result "1/2-1/2"]
[WhiteElo "2572"]
[BlackElo "2545"]
[PlyCount "42"]
[EventDate "2019.??.??"]

1. d4 d5 2. c4 dxc4 3. e3 e5 4. Bxc4 exd4 5. exd4 Bd6 6. Nf3 Nf6 7. O-O O-O 8.
Nc3 Nc6 9. h3 h6 10. Qc2 Na5 11. Bd3 Be6 12. Re1 Nc6 13. a3 Na5 14. Rxe6 fxe6
15. Bd2 Nd7 16. Re1 Rxf3 17. gxf3 Nc6 18. Re4 Nf6 19. Qb3 Nxe4 20. Qxe6+ Kh8
21. Qxe4 Qg8 1/2-1/2

[Event "BL 1920 FC Bayern München - SG Turm Ki"]
[Site "?"]
[Date "2019.11.23"]
[Round "1.3"]
[White "Dziuba, Marcin"]
[Black "Dragnev, Valentin"]
[Result "1-0"]
[WhiteElo "2582"]
[BlackElo "2550"]
[PlyCount "61"]
[EventDate "2019.??.??"]

1. d4 Nf6 2. c4 g6 3. Nf3 Bg7 4. Nc3 d5 5. h4 c5 6. dxc5 Na6 7. cxd5 Nxc5 8. g3
b5 9. Bg2 b4 10. Na4 Qa5 11. Nxc5 Qxc5 12. Ne5 O-O 13. Be3 Qb5 14. Nc6 Bb7 15.
Rc1 Bxc6 16. Rc5 Qa6 17. dxc6 Ng4 18. Qb3 Nxe3 19. Qxe3 Bxb2 20. O-O Rac8 21.
Qb3 Bc3 22. c7 Qb6 23. Qc4 e6 24. Rd1 Rfe8 25. Rd7 Bf6 26. Rb5 Qa6 27. Bb7 Qa4
28. Bxc8 Rxc8 29. Qxb4 Qc2 30. Rb8 Qc1+ 31. Kh2 1-0